Perchance to dream (Record no. 11552)
[ view plain ]
| 000 -LEADER | |
|---|---|
| fixed length control field | 00810cam a22002773a 4500 |
| 001 - CONTROL NUMBER | |
| control field | 16391282 |
| 003 - CONTROL NUMBER IDENTIFIER | |
| control field | LC |
| 005 - DATE AND TIME OF LATEST TRANSACTION | |
| control field | 20160314135752.0 |
| 008 - FIXED-LENGTH DATA ELEMENTS--GENERAL INFORMATION | |
| fixed length control field | 980401s1991 xxu 000 1 eng |
| 010 ## - LIBRARY OF CONGRESS CONTROL NUMBER | |
| LC control number | 98811039 |
| 020 ## - INTERNATIONAL STANDARD BOOK NUMBER | |
| International Standard Book Number | 0425131319 |
| 035 ## - SYSTEM CONTROL NUMBER | |
| System control number | (DLC) 98811039 |
| 040 ## - CATALOGING SOURCE | |
| Original cataloging agency | DLC |
| Transcribing agency | DLC |
| Modifying agency | DLC |
| 050 00 - LIBRARY OF CONGRESS CALL NUMBER | |
| Classification number | PS 3566 |
| Item number | .P238 1993 |
| 082 ## - DEWEY DECIMAL CLASSIFICATION NUMBER | |
| Classification number | FIC |
| Item number | P22p 1991 |
| 100 1# - MAIN ENTRY--PERSONAL NAME | |
| Personal name | Parker, Robert B., |
| Dates associated with a name | 1932-2010. |
| 9 (RLIN) | 20586 |
| 245 10 - TITLE STATEMENT | |
| Title | Perchance to dream |
| Statement of responsibility, etc | Robert B. Parker |
| 260 ## - PUBLICATION, DISTRIBUTION, ETC. (IMPRINT) | |
| Place of publication, distribution, etc | New York : |
| Name of publisher, distributor, etc | Berkley Books, |
| Date of publication, distribution, etc | c1993. |
| 300 ## - PHYSICAL DESCRIPTION | |
| Extent | 277 p. : |
| Dimensions | 17 cm. |
| 650 ## - SUBJECT ADDED ENTRY--TOPICAL TERM | |
| Topical term or geographic name as entry element | Fiction. |
| 9 (RLIN) | 746 |
| 655 #7 - INDEX TERM--GENRE/FORM | |
| Genre/form data or focus term | Mystery fiction. |
| Source of term | gsafd |
| 9 (RLIN) | 4089 |
| 710 2# - ADDED ENTRY--CORPORATE NAME | |
| Corporate name or jurisdiction name as entry element | Copyright Paperback Collection (Library of Congress) |
| Institution to which field applies | DLC |
| 9 (RLIN) | 705 |
| 906 ## - LOCAL DATA ELEMENT F, LDF (RLIN) | |
| a | 7 |
| b | cbc |
| c | orignew |
| d | 2 |
| e | ncip |
| f | 19 |
| g | y-genrareb |
| 942 ## - ADDED ENTRY ELEMENTS (KOHA) | |
| Source of classification or shelving scheme | Library of Congress Classification |
| Koha item type | Books |
| Withdrawn status | Lost status | Source of classification or shelving scheme | Damaged status | Home library | Current library | Shelving location | Date acquired | Total Checkouts | Full call number | Barcode | Date last seen | Copy number | Price effective from | Koha item type |
|---|---|---|---|---|---|---|---|---|---|---|---|---|---|---|
| Library of Congress Classification | Luxembourg Library | Luxembourg Library | Fiction Section | 09/17/2013 | PS 3566 .P238 1993 | 6791 | 02/04/2015 | 1 | 09/17/2013 | Books |